000 00503 a2200217 4500
001 106037
020 _a9781407116051
041 _apor
090 _aYear 5 [Fic]
100 _aFreedman, Dan.
250 _a. ed.
300 _a192 p.
490 _aJamie Johnson
697 _aFootball - Fiction.
830 _aJamie Johnson
856 _u00000c/00000c88.jpg
040 _aBR-BrIDEA
_cBR-BrIDEA
245 1 0 _aGolden goal
_c Dan Freedman
260 _a[S.l.]
_bScholastic
_c2012
942 _cBK
999 _c106037
_d106037